000 00674nam a2200241Ia 4500
003 OSt
005 20221005065821.0
006 a|||||r|||| 00| 0
007 ta
008 221004b |||||||| |||| 00| 0 eng d
024 _a23098
037 _cTextual
040 _aCRL
_cCRL
_beng
041 _2eng
_aeng
082 _aV58.N87, M7
100 _aMezhenkov Vakdimir
_9605012
245 0 _aSoviet scena 1987
_b A collection of press articles and interviews
260 _aMoscow
_bProgressn Publisers Russia
_c1987
300 _a335p.
_ccm.
650 _aHISTORY
942 _hV58.N87, M7
_cTEXL
_2cc
999 _c975267
_d975267